Представление документа в формате MARC21

Поле Инд. ПП Название Значение
Тип записи a
Библиографический уровень m
001 Контрольный номер a0452bc7-725e-4c53-86bd-01e0db1397dd
005 Дата корректировки 20140226203951.8
008 Кодируемые данные 990609 d
020 c Цена, тираж 38.38
040 a Служба первич. каталог. НБ ТвГУ
041 a Код языка текста rus
080 a Индекс УДК 347.963(47+57)(091)
084 a Индекс другой классификации/Индекс ББК Х629.1-1
090 a Полочн. индекс Х629.1
x Авторский знак И90
c Каталожный индекс Х629.1-1
245 0_ a Заглавие История советской прокуратуры в важнейших документах
c Ответственность Прокуратура Союза ССР. Метод. совет; [Сост. В.Г. Лебединский и Д.И. Орлов]; Под ред. и с предисл. К.А. Мокичева
260 0_ a Место издания Москва
b Издательство Госюриздат
c Дата издания 1952
300 a Объем 582,[1] с.
583 a Действие Получение впервые 272 15.04.99
k Исполнитель действия Дар Ларина А.М.
650 a Основная рубрика Прокуратура
x Основная подрубрика История
z Географическая подрубрика СССР
653 a Ключевые слова Документы
a Ключевые слова История прокуратуры
a Ключевые слова Прокуратура СССР
700 1_ a Другие авторы Лебединский В.Г.
e Роль лиц сост.
700 1_ a Другие авторы Орлов Д.И.
e Роль лиц сост.
700 1_ a Другие авторы Мокичев К.А.
e Роль лиц ред.
852 t Порядковый номер экземпляра 1
p Инвентарный номер 709310
888 a Бесплатные
930 a Новая/Ретро документы
952 p 272.99 38.38 1 709310
c Вид литературы К ру
954 a Дата поступления на обработку 19990422
999 a Подразделение 2 Фил1